000 01074cam a22002174a 4500
005 20250605163943.0
008 250528s ||||||||||||||||||||||||d
035 _a15122
020 _a273619896
040 _aGR-AtMCL
_bgre
_dGR-AtMCL
_eAACR2
245 1 _aEuropean Business / An Issue-Based Approach: Third Edition
250 _a3rd
260 _bPitman Publishing,
_c1996
300 _a482
520 _aA comprehensive overview of the complexities of the European Union. Preface, The Development of the European Community and the European Union, European Community Law, The Member States and Regions and Regional Policy, Macroeconomic Policy Integration, Competition Policy, Workplace Issues and Changing Industrial Organization, Strategies for Europe, Marketing in Europe, Culture in Europe, Environmental Issues and Environmental Management, Central and Eastern Europe, Europe in the World Economy, Further Reading, References, Index.
700 1 _aPrescott Kate
_9972
700 1 _aWelford Richard
_9973
942 _cBK
999 _c719
_d719